Klinkhammer W., Krankenhausseelsorge in staatlichen und kirchlichen Recht. Eine vergleichende Darstellung, coll. Studia theologica Budapestinensia 21, Budapest, Márton Áron Kiadó, 2000, 20x14, 231 p. ISBN 963-9011-59-2 (notice n° 1620537)
[ vue normale ]
| 000 -LEADER | |
|---|---|
| fixed length control field | 00627cam a2200133 4500500 |
| 005 - DATE AND TIME OF LATEST TRANSACTION | |
| control field | 20260111091206.0 |
| 041 ## - LANGUAGE CODE | |
| Language code of text/sound track or separate title | fre |
| 042 ## - AUTHENTICATION CODE | |
| Authentication code | dc |
| 245 00 - TITLE STATEMENT | |
| Title | Klinkhammer W., Krankenhausseelsorge in staatlichen und kirchlichen Recht. Eine vergleichende Darstellung, coll. Studia theologica Budapestinensia 21, Budapest, Márton Áron Kiadó, 2000, 20x14, 231 p. ISBN 963-9011-59-2 |
| 260 ## - PUBLICATION, DISTRIBUTION, ETC. | |
| Date of publication, distribution, etc. | 2005.<br/> |
| 500 ## - GENERAL NOTE | |
| General note | 14 |
| 786 0# - DATA SOURCE ENTRY | |
| Note | Nouvelle revue théologique | 127 | 1 | 2005-01-03 | p. 156u-169u | 0029-4845 |
| 856 41 - ELECTRONIC LOCATION AND ACCESS | |
| Uniform Resource Identifier | <a href="https://shs.cairn.info/revue-nouvelle-revue-theologique-2005-1-page-156u?lang=fr&redirect-ssocas=7080">https://shs.cairn.info/revue-nouvelle-revue-theologique-2005-1-page-156u?lang=fr&redirect-ssocas=7080</a> |
Pas d'exemplaire disponible.




Réseaux sociaux